Carros vendidos no Brasil por foto - Statistics

Estatísticas Gerais
  • Esse quiz foi jogado 232 vezes
    229 desde o último reset
  • A pontuação média é 95 de 179
Estatísticas das Respostas
Imagem Resposta % Correto
S
91%
gol
86%
corolla
84%
kombi
83%
mustang
83%
clio
82%
ka
82%
renegade
82%
corsa
81%
mobi
81%
polo
79%
civic
78%
compass
78%
fox
78%
palio
78%
hb20
77%
RAM
77%
onix
76%
saveiro
76%
fusca
75%
strada
75%
astra
74%
creta
74%
uno
74%
celta
73%
sandero
73%
duster
72%
kwid
72%
500
70%
camaro
70%
fiesta
70%
ranger
70%
A3
69%
lancer
69%
208
68%
etios
68%
amarok
67%
cobalt
67%
up
66%
voyage
66%
hilux
65%
march
65%
versa
65%
golf
64%
GTR
64%
hrv
64%
logan
64%
Q3
64%
comander
63%
fusion
63%
opala
63%
city
62%
kicks
62%
parati
62%
tcross
62%
A4
61%
dolphin
61%
frontier
61%
jetta
61%
prisma
61%
Q5
61%
siena
61%
spin
61%
fit
60%
veloster
60%
911
59%
A1
59%
ecosport
59%
i30
59%
pulse
59%
punto
59%
s10
59%
sw4
59%
classic
58%
monza
58%
nivus
58%
virtus
58%
panamera
57%
passat
57%
A5
56%
TT
56%
vectra
56%
corolla cross
55%
R8
55%
tracker
55%
320I
54%
cayenne
54%
fastback
54%
santana
54%
sentra
54%
supra
54%
yaris
54%
aircross
53%
cerato
53%
cruze
53%
montana
53%
corvette
52%
focus
52%
marea
52%
A6
51%
L200
51%
cronos
50%
discovery
49%
eclipse
49%
evoque
49%
kardian
49%
macan
49%
meriva
49%
Q7
49%
defender
48%
trailblazer
48%
tucson
48%
accord
47%
bronco
47%
silverado
47%
tiguan
47%
308
46%
azera
46%
f250
46%
ix35
46%
palio weekend
46%
Q8
46%
santa fe
46%
taos
46%
fluence
45%
agile
44%
escalade
44%
maverick
44%
seal
44%
new beetle
43%
elantra
42%
RS6
42%
sonata
42%
titano
42%
Z4
42%
equinox
41%
M5
41%
omega
41%
oroch
41%
xc60
40%
captur
39%
linea
39%
prius
39%
song
39%
velar
39%
shark
38%
Tiggo 7
38%
cactus
37%
megane
37%
livina
36%
pajero
36%
picanto
36%
sonic
35%
cherokee
34%
freemont
34%
sportage
34%
tiida
34%
eclipse cross
33%
king
33%
QQ
33%
territory
33%
cayman
31%
impreza
30%
camry
29%
classe A
29%
edge
29%
rcz
29%
s60
28%
picasso
27%
veracruz
26%
symbol
25%
basalt
24%
passat variant
24%
leaf
21%
optima
21%
cadenza
19%
stinger
19%
galant
17%
pallas
13%
Nenhum quiz correspondente encontrado
Distribuição das Pontuações
Porcentagem de Pessoas com Cada Pontuação
Percentil de Números Respondidos
Sua Pontuação Histórica
Você não jogou esse quiz desde o último reset